新進党に所属したことがある政治家 - Statistics

General Stats
  • This quiz has been taken 8 times
  • The average score is 3 of 16
Answers on the Grid
Answers color-coded by a green-red scale on the quiz's grid according to % correct below.
細川護煕
鳩山邦夫
二階俊博
前原誠司
小沢一郎
岡田克也
野田聖子
高市早苗
中村喜四郎
小池百合子
荒井聰
石破茂
樽床伸二
船田元
枝野幸男
石井紘基
江田五月
茂木敏充
黄川田徹
小澤鋭仁
三井辨雄
大内啓伍
海江田万里
河村たかし
赤松広隆
石井啓一
阿部知子
岩屋毅
細野豪志
米山隆一
 
Answer Stats
Answer % Correct
小沢一郎
67%
高市早苗
67%
岡田克也
33%
石破茂
33%
黄川田徹
33%
河村たかし
33%
石井啓一
33%
細川護煕
0%
鳩山邦夫
0%
二階俊博
0%
小池百合子
0%
樽床伸二
0%
船田元
0%
江田五月
0%
三井辨雄
0%
岩屋毅
0%
No matching quizzes found
Score Distribution
Percent of People with Each Score
Percentile by Number Answered
Your Score History
You have not taken this quiz